Longest-Running Broadway Shows by Letter Quiz Stats

 Plays Quiz Updated Nov 15, 2017

Challenge
Share
Tweet
Embed
Score 0/27 Timer 05:00
5 Plays Today
Letter Show Title % Correct
PThe Phantom of the Opera
78.3%
WWicked
69.2%
AAvenue Q
64.6%
LThe Lion King
64.3%
CChicago (revival)
57.9%
RRent
56.3%
BBeauty and the Beast
37.1%
FFiddler on the Roof
32.8%
EEvita
32.1%
JJersey Boys
32%
MMamma Mia!
31.4%
XXanadu
26.8%
GGrease
25.4%
KKinky Boots
25.2%
Letter Show Title % Correct
#42nd Street
24.1%
HHello, Dolly!
19.3%
UUrinetown
17.2%
IIn the Heights
14.8%
OOh! Calcutta! (revival)
9.7%
TTobacco Road
4.2%
DDeathtrap
3.7%
SSmokey Joe's Cafe
3%
YYou Can't Take It With You
2.2%
VThe Voice of the Turtle
2.1%
NNever Too Late
1.8%
ZZiegfeld Follies of 1943
1.7%
QQueen High
1.1%

You're not logged in!

Compare scores with friends on all Sporcle quizzes.
Join for Free
OR
Log In

You Might Also Like...

Show Comments

Extras

Top Quizzes Today


Score Distribution

Your Account Isn't Verified!

In order to create a playlist on Sporcle, you need to verify the email address you used during registration. Go to your Sporcle Settings to finish the process.

Report this User

Report this user for behavior that violates our Community Guidelines.

Details: